| 000 | 01209njm a22002657a 4500 | ||
|---|---|---|---|
| 005 | 20100907102341.0 | ||
| 006 | a|||||r|||||00| 0 | ||
| 007 | sd ammalaaahaa | ||
| 008 | 100901t xxu||||| |||| 00| 0 eng d | ||
| 028 |
_aN 53876 _bHis Master's Voice |
||
| 035 | _aGR-00929 | ||
| 040 |
_aSED _cSED |
||
| 100 |
_aMohammad Rafi _917825 |
||
| 245 |
_aBada aadmi / _cby Mohammad Rafi;music by Chitragupta; lyrics by Prem Dhawan _h[sound recording] |
||
| 246 | _aबड़ा आदमी / मोहम्मद रफ़ी | ||
| 260 |
_aDum Dum, India _bHis Master's Voice |
||
| 300 |
_a1 sound disc [Gramophone Recording] : _banalog, 33 1/3 rpm _c9.5 in. (MP) _fGramophone Records |
||
| 500 | _aBrief record | ||
| 505 | _aSide-1 अगर दिल किसी से (Agar dil kisi se) (Bada aadmi) (Mohammad Rafi), Side-२ अंखियन संग अंखिया लड़ी (Ankhiyen sang ankhiya ladi) (Bada aadmi) (Mohammad Rafi) | ||
| 650 |
_aClassical music _xExcerpts _zIndia _917826 |
||
| 700 |
_aChitragupta _917827 |
||
| 700 |
_917828 _aDhawan, Prem |
||
| 942 |
_2ddc _cGR |
||
| 999 |
_c44115 _d44115 |
||